Basic computer engineering / (Record no. 65114)

MARC details
000 -LEADER
fixed length control field 00944nam a22002537a 4500
005 - DATE AND TIME OF LATEST TRANSACTION
control field 20120417124115.0
008 - FIXED-LENGTH DATA ELEMENTS--GENERAL INFORMATION
fixed length control field 120417t xxu||||| |||| 00| 0 eng d
010 ## - LCCN (DPL NO)
LC control number ENG-105011
020 ## - INTERNATIONAL STANDARD BOOK NUMBER
International Standard Book Number 9789381075111
Terms of availability 160.00
035 ## - SYSTEM CONTROL NUMBER
System control number EN-88544
037 ## - SOURCE OF ACQUISITION
Source of stock number/acquisition DBAD/PUB
040 ## - CATALOGING SOURCE
Original cataloging agency DPL
Language of cataloging Eng
082 ## - DEWEY DECIMAL CLASSIFICATION NUMBER
Classification number 001.640321
100 ## - MAIN ENTRY--PERSONAL NAME
Personal name Lakkadwala, Prashant
9 (RLIN) 45189
245 ## - TITLE STATEMENT
Title Basic computer engineering /
Statement of responsibility, etc by Prashant Lakkadwala [and] Swati Lakkadwala
260 ## - PUBLICATION, DISTRIBUTION, ETC. (IMPRINT)
Place of publication, distribution, etc Hyderabad
Name of publisher, distributor, etc BS Publications
Date of publication, distribution, etc 2011
270 ## - ADDRESS
Address 4-4-309, Giriraj Lane, Sultan Bazar
City Hyderabad
Postal code 500095
300 ## - PHYSICAL DESCRIPTION
Extent 277p. :
Other physical details ill.
Dimensions 24cm(pbk)
650 ## - SUBJECT ADDED ENTRY--TOPICAL TERM
Topical term or geographic name as entry element Information science
9 (RLIN) 45203
650 ## - SUBJECT ADDED ENTRY--TOPICAL TERM
Topical term or geographic name as entry element Computer science
9 (RLIN) 45204
700 ## - ADDED ENTRY--PERSONAL NAME
Personal name Lakkadwala, Swati
9 (RLIN) 45195
942 ## - ADDED ENTRY ELEMENTS (KOHA)
Source of classification or shelving scheme Dewey Decimal Classification
Item type English Books
Classification part 001.640321
Call number suffix LAK
Holdings
Withdrawn status Lost status Source of classification or shelving scheme Damaged status Not for loan Collection code Home library Current library Date acquired Source of acquisition Cost, normal purchase price Total Checkouts Full call number Barcode Date last seen Copy number Cost, replacement price Koha item type
    Dewey Decimal Classification   Not For Loan Non-fiction D.B.Act.Division D.B.Act.Division 17/04/2012 DBAD/PUB 160.00   001.640321 LAK EN-88544 17/04/2012 1 160.00 English Books

© Delhi Public Library
Hit Counter
free hit counter